| 000 | 00596nam a2200193Ia 4500 | ||
|---|---|---|---|
| 008 | 131103s9999 xx 000 0 und d | ||
| 040 | _aLoreto College | ||
| 041 | _aEnglish | ||
| 082 |
_a920/FEO _bLCLIB |
||
| 100 | _aBuxhoeveden, Baroness Sophie | ||
| 245 | 4 |
_aThe life tragedy of Alexandra Feodorovna empress of Russia _b A biography _cBaroness Sophie Buxhoeveden |
|
| 260 |
_aLondon _bLongmans, Green _c1930 |
||
| 300 |
_axxii,360p. _c 23cm. |
||
| 504 | _aIncludes index | ||
| 650 | _aFeodorovna, Alexandra - Biography | ||
| 651 | _aBiography | ||
| 850 | _aLCLIB/920/FEO | ||
| 942 | _cBK | ||
| 999 |
_c24967 _d75446 |
||